Strength of Materials (Record no. 6164)

000 -LEADER
fixed length control field 00468nam a22001937a 4500
001 - CONTROL NUMBER
control field 6164
003 - CONTROL NUMBER IDENTIFIER
control field BD-DhUET
008 - FIXED-LENGTH DATA ELEMENTS--GENERAL INFORMATION
fixed length control field 141130b xxu||||| |||| 00| 0 eng d
040 ## - CATALOGING SOURCE
Original cataloging agency DLC
Transcribing agency DLC
Modifying agency BD-DhUET
082 ## - DEWEY DECIMAL CLASSIFICATION NUMBER
Classification number 620.11
Item number KHU/1984
100 ## - MAIN ENTRY--PERSONAL NAME
Personal name Khurmi, R. S.
245 ## - TITLE STATEMENT
Title Strength of Materials
250 ## - EDITION STATEMENT
Edition statement 14th ed.
260 ## - PUBLICATION, DISTRIBUTION, ETC. (IMPRINT)
Place of publication, distribution, etc. New Delhi
Name of publisher, distributor, etc. S. Chand
Date of publication, distribution, etc. 1984
300 ## - PHYSICAL DESCRIPTION
Extent vi, 991 p.
Other physical details ill.
650 #0 - SUBJECT ADDED ENTRY--TOPICAL TERM
Topical term or geographic name as entry element Strength of materials
700 ## - ADDED ENTRY--PERSONAL NAME
Personal name Lal, Jagdish
942 ## - ADDED ENTRY ELEMENTS (KOHA)
Koha item type General Book
Holdings
Not for loan Shelving location Piece designation (barcode) Source of classification or shelving scheme Koha item type Sublocation or collection (holding branch) Koha normalized classification for sorting Copy number Date acquired Price effective from Location (home branch) Damaged status Koha date last seen Withdrawn status Lost status Koha full call number
 Circulation section58300 General BookCentral Library, BUET620_110000000000000_KHU_198412014-11-302014-11-30Central Library, BUET 2014-11-30  620.11/KHU/1984
 Circulation section58299 General BookCentral Library, BUET620_110000000000000_KHU_198422014-12-042014-12-04Central Library, BUET 2014-12-04  620.11/KHU/1984
 Circulation section58304 General BookCentral Library, BUET620_110000000000000_KHU_198432014-12-042014-12-04Central Library, BUET 2017-01-25  620.11/KHU/1984
 Circulation section58293 General BookCentral Library, BUET620_110000000000000_KHU_198442014-12-062014-12-06Central Library, BUET 2014-12-06  620.11/KHU/1984
 Circulation section39805 General BookCentral Library, BUET620_110000000000000_KHU_198452014-12-062014-12-06Central Library, BUET 2014-12-06  620.11/KHU/1984
 Circulation section58305 General BookCentral Library, BUET620_110000000000000_KHU_198462015-04-302015-04-30Central Library, BUET 2015-04-30  620.11/KHU/1984
 Circulation section58303 General BookCentral Library, BUET620_110000000000000_KHU_198472015-04-302015-04-30Central Library, BUET 2015-04-30  620.11/KHU/1984
 Reading section58306 Reading ItemCentral Library, BUET620_110000000000000_KHU_198482015-06-202015-06-20Central Library, BUET 2015-06-20  620.11/KHU/1984
 Reading section58297 Reading ItemCentral Library, BUET620_110000000000000_KHU_1984112015-06-282015-06-28Central Library, BUET 2015-06-28  620.11/KHU/1984
 Reading section58298 Reading ItemCentral Library, BUET620_110000000000000_KHU_1984102015-06-282015-06-28Central Library, BUET 2015-06-28  620.11/KHU/1984
 Reading section58301 Reading ItemCentral Library, BUET620_110000000000000_KHU_1984112015-06-282015-06-28Central Library, BUET 2015-06-28  620.11/KHU/1984
 Reading section58296 Reading ItemCentral Library, BUET620_110000000000000_KHU_1984122015-06-302015-06-30Central Library, BUET 2015-06-30  620.11/KHU/1984
 Reading section58295 Reading ItemCentral Library, BUET620_110000000000000_KHU_1984132015-06-302015-06-30Central Library, BUET 2015-06-30  620.11/KHU/1984
 Reading section58302 Reading ItemCentral Library, BUET620_110000000000000_KHU_1984142015-07-022015-07-02Central Library, BUET 2015-07-02  620.11/KHU/1984